Stazioni della metropolitana di Roma - Statistics

Statistiche generali
  • Questo quiz è stato fatto 434 volte
  • Il punteggio medio è 32 su 73
Statistiche sulle risposte
Metro A % Corretto
Colosseo
91%
Termini
83%
Spagna
75%
Tiburtina
71%
Anagnina
70%
San Giovanni
69%
Rebibbia
68%
Battistini
65%
Ottaviano
64%
Repubblica
64%
Laurentina
62%
Piramide
62%
Barberini
61%
Bologna
60%
EUR Magliana
59%
Flaminio
59%
Cinecittà
58%
Garbatella
58%
Jonio
58%
Basilica S. Paolo
57%
Circo Massimo
57%
Lepanto
57%
Cavour
55%
EUR Fermi
55%
Re di Roma
55%
Cipro
54%
EUR Palasport
51%
Policlinico
50%
Vittorio Emanuele
50%
Castro Pretorio
49%
Conca d'Oro
48%
Manzoni
46%
Marconi
46%
Baldo degli Ubaldi
45%
Parco di Centocelle
45%
Subaugusta
44%
Valle Aurelia
44%
Ponte Mammolo
42%
Libia
41%
Monti Tiburtini
41%
Numidio Quadrato
40%
Giulio Agricola
39%
S. Agnese/Annibaliano
39%
Cornelia
38%
Ponte Lungo
37%
Arco di Travertino
36%
Furio Camillo
36%
Lucio Sestio
36%
Colli Albani
35%
Lodi
35%
Pigneto
34%
Monte Compatri-Pantano
33%
Pietralata
32%
Torre Maura
32%
Finocchio
31%
Mirti
31%
S. Maria del Soccorso
29%
Torre Angela
28%
Porta Furba Quadraro
24%
Torre Spaccata
24%
Alessandrino
23%
Gardenie
23%
Giardinetti
23%
Teano
23%
Malatesta
21%
Torre Gaia
21%
Bolognetta
20%
Due Leoni-Fontana Candida
17%
Graniti
17%
Grotte Celoni
16%
Quintiliani
15%
Torrenova
15%
Borghesiana
14%
Nessun quiz corrispondente trovato
Distribuzione punteggi
Percentuale di utenti per punteggio
Percentile per numero di risposta
I tuoi punteggi nel tempo
Non hai fatto questo quiz